El Poder Ejecutivo de los Estados Unidos Mexicanos

Detalles Bibliográficos
Formato: eBook
Lenguaje:español
Publicado: Mx̌ico DF: Nostra Ediciones, 2008
Materias:
Acceso en línea:Acceso restringido

MARC

LEADER 00000nam a22000007a 4500
005 2017070402232.0
007 cr|||| |||
008 170704s2008 mx |||||s|||| 00||0 spa d
020 |a 978-968-5447-93-5 
035 |a 20295 
040 |a vLex 
090 |c 6806  |d 6806 
245 0 2 |a El Poder Ejecutivo de los Estados Unidos Mexicanos  |h [Recurso electrn̤ico] / 
256 |a Servicio en ln̕ea 
260 |a Mx̌ico DF:  |b Nostra Ediciones,  |c 2008 
300 |a 1 recurso electrn̤ico 
500 |a El funcionamiento de la administracin̤ pb︢lica federal, la naturaleza del cargo de Presidente de la Repb︢lica, sus funciones, las atribuciones del Poder Ejecutivo a nivel estatal y su relacin̤ con otros organismos constitucionales autn̤omos, todo se explica de manera clara y sencilla en este ensayo. 
506 1 |a Disponible solo en los productos indicados  |d vLex Global  |d vLex Global (Academic Edition, excluding Law Schools)  |d vLex Global (U.S. Academic Edition, Law Schools)  |d vLex Global (U.S. Academic Edition, excluding Law Schools)  |d vLex Global (Academic Edition, Law Schools) 
650 0 4 |a Derecho Pb︢lico y Administrativo  |z Mx̌ico 
740 0 |a vLex Libros (Servicio en ln̕ea) 
856 4 0 |u http://vlex.com/source/poder-ejecutivo-de-los-estados-unidos-mexicanos-20295  |z Acceso restringido 
942 |c BOOK 
999 0 |a Public and Administrative Law